| 000 | 01553nam a2200241 a 4500 | ||
|---|---|---|---|
| 001 | 000336994 | ||
| 003 | AM-YeHGA | ||
| 005 | 20250617130931.0 | ||
| 008 | 040521s2004 ||| r 000 0 rus d | ||
| 020 | _a5891941511 | ||
| 040 | _aAM-YeHGA | ||
| 041 | 0 | _arus | |
| 245 | 0 | 0 |
_aНаследование по завещанию : _bПракт. пособие / _cО.М. Оглоблина. |
| 260 |
_aМосква : _b[Тихомиров], _c2004. |
||
| 300 | _a160 с. | ||
| 520 | _aВ доступной форме разъясняются новые правила наследования по завещанию, предусмотренные частью третьей ГК РФ. Даются четкие ответы на вопросы, касающиеся содержания и формы завещания, особенностей оформления отдельных видов завещаний. | ||
| 650 | 1 | 4 |
_aГосударство и право _vПособие для специалистов _zРоссийская Федерация |
| 650 | 1 | 4 |
_aГражданское право _vПособие для специалистов _zРоссийская Федерация |
| 650 | 1 | 4 |
_aНаследственное право _vПособие для специалистов _zРоссийская Федерация |
| 650 | 1 | 4 |
_aЮриспруденция _xЗавещание _zРоссийская Федерация |
| 700 | 1 |
_aОглоблина, Ольга Михайловна _eсост. _4com |
|
| 090 | _c128485 | ||
| 999 |
_c127122 _d127122 |
||